000 01000nam a22003017a 4500
001 000582
003 DO-SdBNP
005 20180130154510.0
007 000582
008 161020b 2000 sp a ||||| |||| 00| 0 spa d
020 _a842268165X
040 _aBPMSU
_bspa
_cBPMSU
041 1 7 _aspa
_hale
082 _axxxx
_bxxxx
100 1 _aBrezina, Thomas,
_d1963-
240 1 0 _a Der sprechende fussball.
_lEspañol
245 1 0 _a El balón hablante /
_cThomas Brezina ; ilustraciones de Bernhard Förth ; traducción del alemán, José Antonio Santiago-Tagle.
260 _aBarcelona :
_bCírculo de Lectores,
_c2000.
300 _a122 p. :
_bil. ;
_c20 cm.
490 1 _aTodos mis monstruos.
500 _aTraducción de: Der sprechende fussball.
700 1 2 _aFörth, Bernhard,
_eil.
700 1 2 _aSantiago-Tagle, José Antonio,
_etr.
830 0 _aTodos mis monstruos.
942 _2ddc
_cBK
945 _aInventariado, 2018/ YL
956 _2LOPEREZ
_310
_620161020
_8BPMSU
_a00041
999 _c11642
_d11642